|
|
|
|
| LEADER |
01853nam a2200445 i 4500 |
| 001 |
EBC1808810 |
| 003 |
MiAaPQ |
| 005 |
20200520144314.0 |
| 006 |
m o d | |
| 007 |
cr cnu|||||||| |
| 008 |
141008t20142014cau ob 001 0 eng d |
| 020 |
|
|
|z 9781440830938
|
| 020 |
|
|
|a 9781440830945 (e-book)
|
| 035 |
|
|
|a (MiAaPQ)EBC1808810
|
| 035 |
|
|
|a (Au-PeEL)EBL1808810
|
| 035 |
|
|
|a (CaPaEBR)ebr10944462
|
| 035 |
|
|
|a (CaONFJC)MIL648854
|
| 035 |
|
|
|a (OCoLC)892245945
|
| 040 |
|
|
|a MiAaPQ
|b eng
|e rda
|e pn
|c MiAaPQ
|d MiAaPQ
|
| 050 |
|
4 |
|a HF5691
|b .P69 2014
|
| 082 |
0 |
|
|a 650.01/513
|2 23
|
| 100 |
1 |
|
|a Prakash, Arun J.,
|e author.
|
| 245 |
1 |
0 |
|a Financial, commercial, and mortgage mathematics and their applications /
|c Arun J. Prakash and Dilip K. Ghosh.
|
| 250 |
|
|
|a Revised and updated edition.
|
| 264 |
|
1 |
|a Santa Barbara, California :
|b Praeger,
|c 2014.
|
| 264 |
|
4 |
|c 2014
|
| 300 |
|
|
|a 1 online resource (451 pages)
|
| 336 |
|
|
|a text
|2 rdacontent
|
| 337 |
|
|
|a computer
|2 rdamedia
|
| 338 |
|
|
|a online resource
|2 rdacarrier
|
| 504 |
|
|
|a Includes bibliographical references and index.
|
| 588 |
|
|
|a Description based on print version record.
|
| 590 |
|
|
|a Electronic reproduction. Ann Arbor, MI : ProQuest, 2015. Available via World Wide Web. Access may be limited to ProQuest affiliated libraries.
|
| 650 |
|
0 |
|a Business mathematics.
|
| 650 |
|
0 |
|a Real estate business
|x Mathematics.
|
| 655 |
|
4 |
|a Electronic books.
|
| 700 |
1 |
|
|a Ghosh, Dilip K.,
|e author.
|
| 776 |
0 |
8 |
|i Print version:
|a Prakash, Arun J.
|t Financial, commercial, and mortgage mathematics and their applications.
|b Revised and updated edition.
|d Santa Barbara, California : Praeger, c2014
|h xiii, 436 pages
|z 9781440830938
|w 2014021622
|
| 797 |
2 |
|
|a ProQuest (Firm)
|
| 856 |
4 |
0 |
|u https://ebookcentral.proquest.com/lib/matrademy/detail.action?docID=1808810
|z Click to View
|